| 000 | 00540 a2200169 4500 | ||
|---|---|---|---|
| 999 |
_c6136 _d6136 |
||
| 020 | _a9780528301184 | ||
| 050 | _aQE 471 ADA 1984 | ||
| 100 |
_aAdams, A.E. _eauthor |
||
| 245 |
_aAtlas of sedimentary rocks under the microscope / _cA.E. Adams, W.S. MacKenzie and C. Guilford |
||
| 264 |
_aU.S.A: _bLongman Scientific and Technical, _c1984 |
||
| 300 |
_a104p.: _bill.(col.) |
||
| 500 | _aIncludes index | ||
| 650 | _aSedimentary rocks | ||
| 700 |
_aMacKenzie, W.S. _eauthor |
||
| 700 |
_aGuilford, C. _eauthor |
||
| 942 |
_2lcc _cBK _h471 _iADA _kQE |
||